| 000 | 00648nam a2200265Ia 4500 | ||
|---|---|---|---|
| 001 | 20979 | ||
| 005 | 20240114000539.0 | ||
| 007 | ta | ||
| 008 | 060301s1930 a g b000 u 465 u | ||
| 040 | _aCotton College,Assam | ||
| 041 | _a465 | ||
| 082 |
_a532 _bSe 55 H |
||
| 100 | _aSen, D.K. . | ||
| 245 | 0 |
_aHydrostatics / _cD.K.Sen. _hTextual Documents |
|
| 250 | _a1st ed. / | ||
| 260 |
_aNew York : _bMacmillan and co , _c1930. |
||
| 300 |
_a241p. : _bill ; _c18cm . |
||
| 653 | _aHydrostatics | ||
| 653 | _aG-Physics | ||
| 942 |
_2ddc _cBK |
||
| 999 |
_c20961 _d20961 |
||